00630nam a22001817a 450000500170000000800410001708200190005810000250007724501360010226000490023830000130028765000130030065000120031365000110032594200060033695200910034299900150043320240726071530.0240726b |||||||| |||| 00| 0 eng d 222a294.3bGUN aGunawardana H.L.A.R. aThe kinsmen of the Buddha: Myth as political Charter in the Ancient And Early Medieval Kingdoms of Sri Lanka cR.A.L.H. Gunawardana aColombobSocial Scientists Associationc1976 a 62 p ., aBuddhism aHistory aSocial cL 001040708LaWERCLbWERCLd2024-07-26l0o294.3 GUNp6429r2024-07-26w2024-07-26yL c5914d5914